000 00462cam a2200169ua 4500
020 _a0-8247-1338-9
_c283.50
041 _aeng
_h
082 _a608
_bMID/WH
100 _aMiddenderf, William .H .
245 _aWhat every engineer should know about inventry /
_cH.William Middenderf.
_hTextual Documents
260 _aNewyork :
_bMarcel debker, INC ,
_c1971.
300 _a ; .
365 _a283.50
504 _a
942 _cBK
999 _c1860
_d1860